| 000 | 00468nam a2200169Ia 4500 | ||
|---|---|---|---|
| 999 |
_c28828 _d28828 |
||
| 003 | OSt | ||
| 005 | 20210104162027.0 | ||
| 008 | 190216s9999||||xx |||||||||||||| ||und|| | ||
| 040 | _coclc | ||
| 082 |
_a700 _bTHA/C |
||
| 100 |
_aThalak, Inasu _97910 |
||
| 245 | 0 |
_aChalachithra Vijaram / _cInasu Thalak |
|
| 260 |
_bSorba Publications, _aPalakkad: _c2005. |
||
| 300 | _a104p | ||
| 650 | _aSahithyam | ||
| 942 |
_cBK _2ddc _h700 _iTHA/C _k700 _mTHA/C |
||